Qué es el efecto invernadero?.
El efecto invernadero como hecho natural: sus beneficios. Aumento del mismo por los gases emanados de las industrias. El recalentamiento del planeta. Consecuencias climáticas.
Guardado en:
| Formato: | |
|---|---|
| Series: | Cambios climáticos
|
| Materias: | |
| Etiquetas: |
Agregar Etiqueta
Sin Etiquetas, Sea el primero en etiquetar este registro!
|
| LEADER | 00953ngm a22002655g 4500 | ||
|---|---|---|---|
| 001 | CEM.cems022519 | ||
| 008 | 130507b2000##################0###0#####d | ||
| 005 | 20241105171226.0 | ||
| 245 | 0 | 0 | |a Qué es el efecto invernadero?. |
| 300 | |a 12'. | ||
| 490 | 0 | |a Cambios climáticos | |
| 500 | |a En soporte VHS, consultar en ventanilla. | ||
| 520 | |a El efecto invernadero como hecho natural: sus beneficios. Aumento del mismo por los gases emanados de las industrias. El recalentamiento del planeta. Consecuencias climáticas. | ||
| 538 | |a Soporte: VHS - Norma: Pal N - Color: Si - Grabación DRD 2000 - Hitachi=4740 | ||
| 082 | 5 | 7 | |. 5/EDU |
| 653 | |a ECOLOGIA | ||
| 653 | |a MEDIO AMBIENTE | ||
| 653 | |a CONTAMINACION | ||
| 653 | |a EFECTO INVERNADERO | ||
| 653 | |a ATMOSFERA | ||
| 653 | |a CLIMA | ||
| 653 | |a OZONO | ||
| 653 | |a NIVEL PRIMARIO | ||
| 653 | |a NIVEL SECUNDARIO | ||
| 859 | |a CEMS |b BIB. CEMS - Depto. Recursos Didacticos |h 574.5 |i EDU |k DRD |p 1162.12 |t Ej.1 | ||
